000 00777cam a2200205 4500
001 WB3644-28
008 000000n2000 000 0 eng u
035 _a(Sirsi) u109184
245 _aEnglish planning system under threat
260 _c2000
490 _aProperty Week
_v 3 November 2000, 5(1)
520 _aEngland's planning system is being put on trial as the High Court considers 4 cases which have stalled since the Human Rights Act came into force. It will consider whether the public inquiry system is fair and impartial.
590 _aWB
650 _aPLANNING POLICy
650 _aPLANNING SYSTEM
650 _aHUMAN RIGHTS ACT 1998
650 _aALCONBURY AIRFIELD
690 _aENVIRONMENTAL AND LAND CONSULTANCY-PLANNING AND DEVELOPMENT
942 _n0
999 _c65185
_d65185